| 000 | 00646nam a22001817a 4500 | ||
|---|---|---|---|
| 003 | BUBTL | ||
| 008 | 190302b xxu||||| |||| 00| 0 eng d | ||
| 020 | _a984-18-0365-8 | ||
| 082 | _a891.443 / THG | ||
| 100 |
_92433 _aঠাকুর,রবীন্দ্রনাথ |
||
| 245 |
_aঘরে বাইরে / _cরবীন্দ্রনাথ ঠাকুর |
||
| 260 |
_aঢাকা : _bবিশ্বসাহিত্য কেন্দ্র, _cc2013. |
||
| 300 |
_a176 p. : _c22 cm. |
||
| 650 | 0 |
_91687 _aবাংলা সাহিত্য |
|
| 856 |
_k0 _l0 _yDownload |
||
| 942 |
_2ddc _cBK |
||
| 999 |
_c5880 _d5880 |
||